Premier League Players By Letter - E - Statistics

General Stats
  • This quiz has been taken 224 times
  • The average score is 3 of 9
Answer Stats
First Name Surname Club % Correct
Christian Eriksen Tottenham Hotspur
84%
José Enrique Liverpool
72%
Rob Elliot Newcastle United
41%
- Eder Swansea City
30%
Tommy Elphick Bournemouth
28%
Marvin Emnes Swansea City
23%
Jonathan Evans West Bromwich
19%
Joel Ekstrand Watford
11%
Mohamed El Ouariachi Stoke City
2%
No matching quizzes found
Score Distribution
Percent of People with Each Score
Percentile by Number Answered
Your Score History
You have not taken this quiz